UBT Library

JAMES CLERK MAXWELL AND THE THEORY OF THE ELECTOMAGNETIC FIELD (Record no. 60279)

000 -LEADER
fixed length control field 00352nam a22001457a 4500
008 - FIXED-LENGTH DATA ELEMENTS--GENERAL INFORMATION
fixed length control field 230907b ||||| |||| 00| 0 eng d
020 ## - INTERNATIONAL STANDARD BOOK NUMBER
International Standard Book Number 978085274563
041 ## - LANGUAGE CODE
Language code of text/sound track or separate title eng
080 ## - UNIVERSAL DECIMAL CLASSIFICATION NUMBER
Universal Decimal Classification number 53
082 ## - DEWEY DECIMAL CLASSIFICATION NUMBER
Classification number 53HEN
100 ## - Rafti
Rafti 20
101 ## - Shkurtesa
Shkurtesa FIZIK
245 ## - TITLE STATEMENT
Title JAMES CLERK MAXWELL AND THE THEORY OF THE ELECTOMAGNETIC FIELD
Statement of responsibility, etc HENDRY.J
942 ## - ADDED ENTRY ELEMENTS (KOHA)
Source of classification or shelving scheme
Item type Books
Holdings
Withdrawn status Lost status Source of classification or shelving scheme Damaged status Not for loan Collection code Permanent location Current location Date acquired Total Checkouts Full call number Barcode Date last seen Price effective from Koha item type
          Koleksioni i përgjithshem UBT - Lipjan UBT - Lipjan 09/07/2023   53HEN 002-800070205 09/07/2023 09/07/2023 Books
UBT Library © 2015-2024. All rights reserved University Education for Business and Technology